[Event "4NCL Division 3 South"]
[Site "Milton Keynes, ENG"]
[Date "2021.11.20"]
[Round "1.51"]
[White "Majeed, Haroon"]
[Black "Tenin, Aleksander"]
[Result "1/2-1/2"]
[WhiteElo "1835"]
[BlackElo "2100"]
[PlyCount "116"]
[EventDate "2021.11.20"]
[WhiteTeam "Iceni 3"]
[BlackTeam "War and Piece A"]

1. e4 e5 2. Nf3 Nc6 3. Bc4 Bc5 4. c3 Qf6 5. d4 Bb6 6. a4 exd4 7. e5 Qg6 8. cxd4
d5 9. Be2 Nge7 10. O-O Bg4 11. Nc3 Bxf3 12. Bxf3 Nxd4 13. a5 Bc5 14. b4 Nxf3+
15. Qxf3 Bd4 16. Bf4 O-O 17. Rac1 Bxc3 18. Rxc3 c6 19. b5 Qf5 20. bxc6 bxc6 21.
g4 Qe6 22. Bg3 Rfc8 23. Qe2 f5 24. gxf5 Nxf5 25. Rfc1 Ne7 26. f4 h6 27. Qf2 Qg6
28. Qc5 Nf5 29. Rb3 h5 30. Kh1 Rab8 31. Rxb8 Rxb8 32. Qxc6 Nxg3+ 33. hxg3 Qe4+
34. Kg1 Qe3+ 35. Kh2 Qd2+ 36. Kh3 Kh7 37. Qc2+ Qxc2 38. Rxc2 d4 39. Rd2 Rd8 40.
Kh4 Kg6 41. g4 hxg4 42. Kxg4 Rd5 43. f5+ Kf7 44. Kf4 g6 45. fxg6+ Kxg6 46. Ke4
Rxa5 47. Rxd4 Kf7 48. Kf5 Ke7 49. Rh4 Ra1 50. Rh7+ Kf8 51. Ke6 a5 52. Rh8+ Kg7
53. Ra8 a4 54. Ra7+ Kg6 55. Ke7 a3 56. e6 a2 57. Ke8 Re1 58. Rxa2 Rxe6+ 1/2-1/2

[Event "4NCL Division 3 South"]
[Site "Milton Keynes, ENG"]
[Date "2021.11.20"]
[Round "1.52"]
[White "Tucker, David S"]
[Black "Lovell, Steve"]
[Result "1/2-1/2"]
[WhiteElo "1938"]
[BlackElo "1824"]
[PlyCount "128"]
[EventDate "2021.11.20"]
[WhiteTeam "War and Piece A"]
[BlackTeam "Iceni 3"]

1. e4 e5 2. Nf3 Nc6 3. Bb5 a6 4. Ba4 Nf6 5. O-O Be7 6. Re1 b5 7. Bb3 O-O 8. a4
b4 9. d3 d6 10. a5 Bg4 11. Nbd2 d5 12. exd5 Nxd5 13. h3 Bh5 14. Nc4 Bf6 15. g4
Bg6 16. g5 Be7 17. Ncxe5 Nxe5 18. Nxe5 Bxg5 19. Qf3 Bxc1 20. Raxc1 Qg5+ 21. Qg3
Nf4 22. Kh2 Qh6 23. Nxg6 hxg6 24. Rcd1 Rfe8 25. h4 Ne2 26. Qg5 Nd4 27. Qxh6
gxh6 28. Bd5 c6 29. Bg2 Nxc2 30. Rxe8+ Rxe8 31. Bxc6 Re2 32. Kg3 b3 33. d4 Nb4
34. Ba4 Rxb2 35. d5 Ra2 36. Bxb3 Ra3 37. Rb1 Nxd5 38. f3 Rxa5 39. Rd1 Nf6 40.
Rd6 Kg7 41. Bc4 Ra3 42. Rxa6 Ne4+ 43. Kf4 Rxa6 44. Bxa6 Nc5 45. Bf1 Kf6 46. Bc4
Ne6+ 47. Kg3 h5 48. Ba2 Ng7 49. Kh3 Nf5 50. Bb3 Nd6 51. Kg3 Ke5 52. Kg2 Kf4 53.
Bd5 f6 54. Bc6 Nf5 55. Kh3 Ke3 56. Be8 Ne7 57. Kg3 f5 58. f4 Ke4 59. Bf7 Ke3
60. Be8 Ke4 61. Bf7 Nd5 62. Bxg6 Nxf4 63. Be8 Ke5 64. Kf3 Nd3 1/2-1/2

[Event "4NCL Division 3 South"]
[Site "Milton Keynes, ENG"]
[Date "2021.11.20"]
[Round "1.53"]
[White "Gaffney, Samuel"]
[Black "O'Byrne, Daniel"]
[Result "1-0"]
[WhiteElo "1817"]
[BlackElo "1678"]
[PlyCount "57"]
[EventDate "2021.11.20"]
[WhiteTeam "Iceni 3"]
[BlackTeam "War and Piece A"]

1. d4 Nf6 2. Nf3 d5 3. c4 c6 4. Nc3 g6 5. Bf4 Bg7 6. e3 O-O 7. h3 Qa5 8. Qb3
Ne4 9. Be2 dxc4 10. Bxc4 c5 11. O-O Nxc3 12. bxc3 h6 13. Ne5 Bxe5 14. Bxe5 cxd4
15. cxd4 Nc6 16. Bf4 Kg7 17. d5 Nd8 18. e4 g5 19. Be3 Bd7 20. Qb2+ f6 21. f4
Rb8 22. fxg5 hxg5 23. e5 Rc8 24. Rac1 b5 25. Bb3 Rxc1 26. exf6+ exf6 27. Bxc1
Nf7 28. Qxf6+ Kg8 29. Qg6+ 1-0

[Event "4NCL Division 3 South"]
[Site "Milton Keynes, ENG"]
[Date "2021.11.20"]
[Round "1.54"]
[White "Ross, David C"]
[Black "Jones, Robert L"]
[Result "1-0"]
[WhiteElo "1670"]
[BlackElo "1725"]
[PlyCount "55"]
[EventDate "2021.11.20"]
[WhiteTeam "War and Piece A"]
[BlackTeam "Iceni 3"]

1. e4 e6 2. d4 d5 3. Nd2 c5 4. c3 Nc6 5. Bb5 Bd7 6. Ne2 a6 7. Ba4 c4 8. e5 f6
9. f4 Qa5 10. O-O Nxe5 11. fxe5 Qxa4 12. exf6 Nxf6 13. b3 cxb3 14. Nxb3 Rc8 15.
Bd2 Bb5 16. Rf3 Bxe2 17. Qxe2 Qd7 18. Raf1 Be7 19. Nc1 Rf8 20. Nd3 Ne4 21. Ne5
Qc7 22. Rxf8+ Bxf8 23. Qh5+ g6 24. Nxg6 Bd6 25. Nf8+ Kd8 26. Nxe6+ Kd7 27. Nxc7
Nxd2 28. Rf7+ 1-0

[Event "4NCL Division 3 South"]
[Site "Milton Keynes, ENG"]
[Date "2021.11.20"]
[Round "1.55"]
[White "Rosenbaum, Danny"]
[Black "Nelder, Allan"]
[Result "1-0"]
[WhiteElo "1623"]
[BlackElo "1640"]
[PlyCount "71"]
[EventDate "2021.11.20"]
[WhiteTeam "Iceni 3"]
[BlackTeam "War and Piece A"]

1. e4 d6 2. d4 Nf6 3. Bd3 g6 4. c4 Bg7 5. Nc3 Nbd7 6. Nge2 c6 7. f3 Qc7 8. Be3
e5 9. O-O exd4 10. Nxd4 Ne5 11. Be2 Be6 12. Nxe6 fxe6 13. Qb3 O-O 14. Rfd1 b6
15. c5 dxc5 16. Qxe6+ Kh8 17. Qd6 Qf7 18. Qxe5 Nd5 19. Qg3 Nxe3 20. Rd3 Bd4 21.
Kh1 Rad8 22. Rc1 Kg7 23. b3 c4 24. bxc4 Nxc4 25. Rcd1 c5 26. Nb5 Nb2 27. Nxd4
cxd4 28. Rc1 Qxa2 29. Rc7+ Rf7 30. Rxf7+ Qxf7 31. Qe5+ Kg8 32. Rxd4 Rc8 33. h3
a5 34. Ba6 Re8 35. Qb5 Qa2 36. Qxe8+ 1-0

[Event "4NCL Division 3 South"]
[Site "Milton Keynes, ENG"]
[Date "2021.11.20"]
[Round "1.61"]
[White "Rogacewicz, Mikolaj"]
[Black "Williamson, Kevin J"]
[Result "0-1"]
[WhiteElo "1970"]
[BlackElo "1870"]
[PlyCount "102"]
[EventDate "2021.11.20"]
[WhiteTeam "Sussex Martlets 2"]
[BlackTeam "MK Phoenix 2"]

1. d4 d5 2. c4 Nc6 3. Nc3 dxc4 4. Nf3 Nf6 5. e4 Bg4 6. d5 Bxf3 7. gxf3 Ne5 8.
Bf4 Ng6 9. Be3 e6 10. dxe6 Qxd1+ 11. Rxd1 fxe6 12. Bxc4 e5 13. Nb5 Bb4+ 14. Kf1
Ke7 15. a3 Bd6 16. Rg1 a6 17. Nc3 c6 18. Ne2 Rhd8 19. Ng3 Kf8 20. Nf5 Be7 21.
Rc1 Nh5 22. Ke1 Nhf4 23. Rd1 Rxd1+ 24. Kxd1 Rd8+ 25. Kc2 b5 26. Ba2 Ne2 27. Rd1
Rxd1 28. Kxd1 Ng1 29. Be6 Nxf3 30. h3 Nf4 31. Bc8 a5 32. Bd7 b4 33. axb4 Bxb4
34. Bxf4 exf4 35. Bxc6 Bc5 36. Ke2 Ng1+ 37. Kf1 Nxh3 38. f3 Ng5 39. Ke2 g6 40.
Nh4 Ne6 41. Bd5 Nd4+ 42. Kf1 g5 43. Ng2 Nxf3 44. Ne1 Ne5 45. Be6 Ke7 46. Bf5 h5
47. b3 Kf6 48. Kg2 g4 49. Kf1 Kg5 50. Bc8 f3 51. Ba6 Kf4 0-1

[Event "4NCL Division 3 South"]
[Site "Milton Keynes, ENG"]
[Date "2021.11.20"]
[Round "1.62"]
[White "Obi, Marc On"]
[Black "Kolani, Arjun"]
[Result "1/2-1/2"]
[WhiteElo "1814"]
[BlackElo "2018"]
[PlyCount "120"]
[EventDate "2021.11.20"]
[WhiteTeam "MK Phoenix 2"]
[BlackTeam "Sussex Martlets 2"]

1. d4 Nf6 2. Bf4 d5 3. e3 c5 4. c3 Nc6 5. Nd2 e6 6. Ngf3 Bd6 7. Bg3 O-O 8. Bd3
b6 9. Qe2 Bb7 10. e4 Be7 11. e5 Nh5 12. Rd1 g6 13. h3 cxd4 14. Nxd4 Nxd4 15.
cxd4 a6 16. Bh2 Bc6 17. g4 Ng7 18. Bxa6 b5 19. Bxb5 Bxb5 20. Qxb5 Rb8 21. Qa4
Rxb2 22. O-O Qa8 23. Qxa8 Rxa8 24. Bf4 Ne8 25. Rc1 f6 26. Rc6 fxe5 27. dxe5 g5
28. Be3 Ng7 29. Nf3 h6 30. Nd4 Rbxa2 31. Nxe6 Nxe6 32. Rxe6 Bf8 33. Rc6 Bg7 34.
Rd6 Bxe5 35. Rxd5 R8a5 36. Rxa5 Rxa5 37. Rd1 Ra1 38. Rxa1 Bxa1 39. Kg2 Kf7 40.
Kf3 Ke6 41. h4 Bf6 42. Ke4 Be7 43. h5 Kf7 44. Bd4 Kg8 45. Kf5 Kh7 46. Bf6 Bc5
47. f3 Be3 48. Ke4 Bf4 49. Bd4 Bd6 50. Be5 Bc5 51. Bf6 Bd6 52. Be5 Bc5 53. Bb2
Bd6 54. Bc1 Bc7 55. Kf5 Bd8 56. Ke6 Bb6 57. Ke7 Bd4 58. Ke6 Bb6 59. f4 gxf4 60.
Bxf4 Bd8 1/2-1/2

[Event "4NCL Division 3 South"]
[Site "Milton Keynes, ENG"]
[Date "2021.11.20"]
[Round "1.63"]
[White "Howell, Oliver W"]
[Black "Whiteside, Robert"]
[Result "0-1"]
[WhiteElo "2030"]
[BlackElo "1792"]
[PlyCount "34"]
[EventDate "2021.11.20"]
[WhiteTeam "Sussex Martlets 2"]
[BlackTeam "MK Phoenix 2"]

1. Nf3 Nf6 2. c4 c6 3. g3 d5 4. Bg2 Nbd7 5. O-O e5 6. d3 Be7 7. b3 O-O 8. Bb2
dxc4 9. dxc4 e4 10. Ng5 e3 11. Ne4 Nxe4 12. Bxe4 exf2+ 13. Rxf2 Nf6 14. Qc2 Bc5
15. Nd2 Bh3 16. Qc3 Bxf2+ 17. Kxf2 Qxd2 0-1

[Event "4NCL Division 3 South"]
[Site "Milton Keynes, ENG"]
[Date "2021.11.20"]
[Round "1.64"]
[White "Evans, Thomas"]
[Black "Salmons, Calum"]
[Result "1/2-1/2"]
[WhiteElo "1608"]
[BlackElo "1942"]
[PlyCount "76"]
[EventDate "2021.11.20"]
[WhiteTeam "MK Phoenix 2"]
[BlackTeam "Sussex Martlets 2"]

1. e4 c5 2. Nf3 d6 3. d4 cxd4 4. Nxd4 Nf6 5. Nc3 g6 6. Be3 Bg7 7. f3 O-O 8. Bc4
Nc6 9. Qd2 Bd7 10. O-O-O Rc8 11. Bb3 Nxd4 12. Bxd4 b5 13. Nd5 Nxd5 14. Bxg7
Kxg7 15. exd5 a5 16. a3 b4 17. axb4 axb4 18. Qxb4 Rc5 19. Rhe1 Re8 20. Rd4 Qa8
21. Rh4 Qa1+ 22. Kd2 Qxb2 23. Qf4 Qc3+ 24. Kd1 Ra8 25. Qd4+ Qxd4+ 26. Rxd4 Ra1+
27. Kd2 Rxe1 28. Kxe1 f5 29. Kf2 Be8 30. h4 Kf6 31. f4 h6 32. Ke3 Bd7 33. g3
Bc8 34. Rc4 Ba6 35. Rxc5 dxc5 36. c4 g5 37. Kd3 gxf4 38. gxf4 Kg7 1/2-1/2

[Event "4NCL Division 3 South"]
[Site "Milton Keynes, ENG"]
[Date "2021.11.20"]
[Round "1.65"]
[White "Higgs, Anthony R J"]
[Black "Miller, Max C"]
[Result "1-0"]
[WhiteElo "1972"]
[BlackElo "1538"]
[PlyCount "63"]
[EventDate "2021.11.20"]
[WhiteTeam "Sussex Martlets 2"]
[BlackTeam "MK Phoenix 2"]

1. d4 Nf6 2. c4 e6 3. e3 c5 4. Nf3 b6 5. Nc3 d5 6. cxd5 cxd4 7. Bb5+ Bd7 8.
dxe6 dxc3 9. exd7+ Nbxd7 10. O-O Qc7 11. bxc3 Qxc3 12. Rb1 O-O-O 13. Ba6+ Kb8
14. Bb2 Qc7 15. Qe2 Nc5 16. Rbc1 Bd6 17. Nd4 Bxh2+ 18. Kh1 Be5 19. Qf3 Bxd4 20.
exd4 Rd5 21. g3 Qc6 22. Kg1 b5 23. dxc5 Rhd8 24. Be5+ Ka8 25. Bxb5 Qxb5 26. c6
Rc8 27. c7 Nd7 28. Rfd1 Nb6 29. Rb1 Qc5 30. Rxb6 axb6 31. Rxd5 Qc1+ 32. Rd1+
1-0

[Event "4NCL Division 3 South"]
[Site "Milton Keynes, ENG"]
[Date "2021.11.20"]
[Round "1.66"]
[White "Cox, Lucian"]
[Black "Howell, Chris I"]
[Result "0-1"]
[WhiteElo "1047"]
[BlackElo "1947"]
[PlyCount "100"]
[EventDate "2021.11.20"]
[WhiteTeam "MK Phoenix 2"]
[BlackTeam "Sussex Martlets 2"]

1. e4 c5 2. d4 cxd4 3. c3 Nf6 4. e5 Nd5 5. Bc4 Qc7 6. Bxd5 Qxe5+ 7. Qe2 Qxd5 8.
Nf3 d3 9. Qe5 Qxe5+ 10. Nxe5 d6 11. Nxd3 Bf5 12. Nb4 e6 13. Na3 Nc6 14. Nxc6
bxc6 15. O-O d5 16. Bf4 Kd7 17. Rad1 Bd6 18. Bxd6 Kxd6 19. c4 Rab8 20. cxd5
cxd5 21. Rfe1 Rhc8 22. b3 Kc5 23. Re2 Kb6 24. b4 Rc3 25. Nb1 Rc2 26. Rxc2 Bxc2
27. Rc1 Bxb1 28. Rxb1 Rc8 29. a4 Rc2 30. Kf1 e5 31. Ke1 d4 32. g3 f5 33. h3 d3
34. f4 e4 35. g4 fxg4 36. hxg4 Rg2 37. g5 Rg1+ 38. Kd2 Rxb1 39. f5 Rf1 40. f6
gxf6 41. gxf6 Rxf6 42. a5+ Kb5 43. Ke3 Rd6 44. Kd2 e3+ 45. Kxe3 d2 46. a6 d1=Q
47. Ke4 Qd4+ 48. Kf3 Rf6+ 49. Ke2 Rf2+ 50. Ke1 Qd2# 0-1

[Event "4NCL Division 3 South"]
[Site "Milton Keynes, ENG"]
[Date "2021.11.20"]
[Round "1.71"]
[White "Chilton, James I"]
[Black "Pedersen, Carsten"]
[Result "0-1"]
[WhiteElo "1725"]
[BlackElo "2088"]
[PlyCount "40"]
[EventDate "2021.11.20"]
[WhiteTeam "Wessex Some Stars C"]
[BlackTeam "Celtic Tigers 2"]

1. d4 Nf6 2. c4 c5 3. d5 e5 4. dxe6 fxe6 5. e4 Nxe4 6. Qh5+ g6 7. Qe5 Nf6 8.
Bg5 Be7 9. Bh6 Nc6 10. Qc3 d5 11. cxd5 exd5 12. Nd2 Bf5 13. O-O-O Nb4 14. Bb5+
Kf7 15. Qa3 c4 16. Nxc4 Nd3+ 17. Qxd3 Bxd3 18. Ne5+ Kg8 19. Nxd3 Qa5 20. a4 a6
0-1

[Event "4NCL Division 3 South"]
[Site "Milton Keynes, ENG"]
[Date "2021.11.20"]
[Round "1.72"]
[White "Kelmendi, Bajrush"]
[Black "Hillman, Graham"]
[Result "1/2-1/2"]
[WhiteElo "2056"]
[BlackElo "1684"]
[PlyCount "97"]
[EventDate "2021.11.20"]
[WhiteTeam "Celtic Tigers 2"]
[BlackTeam "Wessex Some Stars C"]

1. e4 d5 2. exd5 Nf6 3. c4 c6 4. dxc6 Nxc6 5. Nc3 e5 6. d3 Bc5 7. Be3 Bxe3 8.
fxe3 Qb6 9. Qd2 O-O 10. h3 Be6 11. Be2 Rad8 12. b3 Bf5 13. g4 Bxd3 14. Bxd3 Nb4
15. Na4 Nxd3+ 16. Qxd3 Rxd3 17. Nxb6 axb6 18. Rd1 Rfd8 19. Rxd3 Rxd3 20. Ke2 e4
21. Nf3 Rd6 22. Nd4 g6 23. Rd1 Rd7 24. Nb5 Rxd1 25. Kxd1 Ne8 26. Kd2 Kg7 27.
Kc3 f5 28. g5 h6 29. h4 hxg5 30. hxg5 Kf7 31. a4 Ke7 32. Kd4 Ng7 33. Ke5 Ne6
34. Nc3 Nxg5 35. Nd5+ Kf7 36. Nxb6 Nf3+ 37. Kf4 Ke6 38. c5 g5+ 39. Kg3 Ne5 40.
b4 Nd3 41. Nc4 f4+ 42. exf4 gxf4+ 43. Kg4 e3 44. Kf3 Ne5+ 45. Nxe5 Kxe5 46. a5
Kd5 47. Ke2 Ke6 48. Kd3 Ke5 49. Ke2 1/2-1/2

[Event "4NCL Division 3 South"]
[Site "Milton Keynes, ENG"]
[Date "2021.11.20"]
[Round "1.73"]
[White "Deacon, David J"]
[Black "Tivillier, Jacques"]
[Result "1-0"]
[WhiteElo "1638"]
[BlackElo "1909"]
[PlyCount "35"]
[EventDate "2021.11.20"]
[WhiteTeam "Wessex Some Stars C"]
[BlackTeam "Celtic Tigers 2"]

1. d4 d5 2. c4 e6 3. g3 Nf6 4. Nf3 c6 5. Bg2 Bd6 6. O-O O-O 7. Nbd2 Nbd7 8. Qc2
Qc7 9. Rd1 b6 10. e4 dxe4 11. Nxe4 Nxe4 12. Qxe4 Nf6 13. Qc2 h6 14. c5 bxc5 15.
dxc5 Be7 16. Bf4 Qa5 17. Nd4 Bb7 18. Nb3 1-0

[Event "4NCL Division 3 South"]
[Site "Milton Keynes, ENG"]
[Date "2021.11.20"]
[Round "1.74"]
[White "Kitchen, Peter J"]
[Black "Deacon, Nicholas"]
[Result "1-0"]
[WhiteElo "1870"]
[BlackElo "1410"]
[PlyCount "41"]
[EventDate "2021.11.20"]
[WhiteTeam "Celtic Tigers 2"]
[BlackTeam "Wessex Some Stars C"]

1. e4 c5 2. Nf3 g6 3. d4 cxd4 4. Nxd4 Nc6 5. c4 Bg7 6. Be3 Nf6 7. Nc3 O-O 8.
Be2 d6 9. O-O Bd7 10. f3 Qb6 11. Nc2 Qxb2 12. Qd2 Ne8 13. Nd5 Qe5 14. f4 Qxe4
15. Bd3 Qe6 16. f5 Qe5 17. Bf4 Qxa1 18. Nxa1 gxf5 19. Bh6 e6 20. Bxg7 Nxg7 21.
Nf6+ 1-0

[Event "4NCL Division 3 South"]
[Site "Milton Keynes, ENG"]
[Date "2021.11.20"]
[Round "1.75"]
[White "Deacon, Matthew"]
[Black "Goodacre, John"]
[Result "0-1"]
[WhiteElo "1258"]
[BlackElo "1780"]
[PlyCount "64"]
[EventDate "2021.11.20"]
[WhiteTeam "Wessex Some Stars C"]
[BlackTeam "Celtic Tigers 2"]

1. d4 Nf6 2. c4 c5 3. d5 b5 4. e3 g6 5. b3 Bg7 6. Bb2 d6 7. Ne2 bxc4 8. bxc4
O-O 9. Ng3 Nbd7 10. Qc2 Rb8 11. Nd2 Ba6 12. Rc1 Qc7 13. Ba1 e6 14. h4 exd5 15.
cxd5 Bxf1 16. Kxf1 h5 17. Nde4 Nxd5 18. Bxg7 Kxg7 19. Rd1 N7f6 20. Ng5 Qb6 21.
Kg1 Qb2 22. Qd3 Qxa2 23. e4 Ng4 24. Qf3 Ndf6 25. Rf1 Rb2 26. Nh3 Rfb8 27. Qf4
Rb1 28. Qxd6 c4 29. Qd4 Rxf1+ 30. Nxf1 Re8 31. Ng5 c3 32. f3 c2 {#R} 0-1

[Event "4NCL Division 3 South"]
[Site "Milton Keynes, ENG"]
[Date "2021.11.20"]
[Round "1.76"]
[White "Cranston, Adam"]
[Black "Cuthbert, Larissa"]
[Result "1-0"]
[WhiteElo "1791"]
[BlackElo "1049"]
[PlyCount "53"]
[EventDate "2021.11.20"]
[WhiteTeam "Celtic Tigers 2"]
[BlackTeam "Wessex Some Stars C"]

1. d4 Nf6 2. Bf4 g6 3. Nc3 Bg7 4. e4 d6 5. Qd2 a6 6. O-O-O O-O 7. Kb1 b5 8. f3
b4 9. Nce2 a5 10. Bh6 Bd7 11. Bxg7 Kxg7 12. e5 Nd5 13. Nf4 Nb6 14. h4 h5 15.
Nxh5+ Kh7 16. Bd3 dxe5 17. Nf6+ exf6 18. h5 Rh8 19. hxg6+ Kg7 20. Rh7+ Rxh7 21.
gxh7 exd4 22. Ne2 c5 23. Nf4 Nc6 24. Nh5+ Kh8 25. Qh6 Qg8 26. hxg8=Q+ Kxg8 27.
Qg7# 1-0

[Event "4NCL Division 3 South"]
[Site "Milton Keynes, ENG"]
[Date "2021.11.20"]
[Round "1.81"]
[White "Starley, Robert"]
[Black "Bloom, Paul"]
[Result "1-0"]
[WhiteElo "2051"]
[BlackElo "1673"]
[PlyCount "63"]
[EventDate "2021.11.20"]
[WhiteTeam "Cambridge University 2"]
[BlackTeam "Barnet Knights C"]

1. e4 c5 2. Nf3 d6 3. d4 cxd4 4. Nxd4 Nf6 5. Nc3 a6 6. Bg5 Nbd7 7. Bc4 Qa5 8.
Qd2 Ne5 9. Bb3 Ng6 10. O-O h6 11. Be3 e6 12. f4 Bd7 13. f5 exf5 14. Nxf5 Qc7
15. Na4 Be6 16. Nb6 Rd8 17. Ba4+ Nd7 18. Qf2 Nge5 19. Nxd7 Nxd7 20. Bb6 Qc4 21.
Bb3 Qb5 22. Bxd8 Bxb3 23. Bc7 Bc4 24. Rfd1 d5 25. b3 Qc6 26. Bf4 Nf6 27. bxc4
Nxe4 28. Qe2 Bc5+ 29. Kh1 O-O 30. cxd5 Qe8 31. Be3 Nc3 32. Qg4 {#r} 1-0

[Event "4NCL Division 3 South"]
[Site "Milton Keynes, ENG"]
[Date "2021.11.20"]
[Round "1.82"]
[White "Grose, Kameron"]
[Black "Webster, Peter A N"]
[Result "0-1"]
[WhiteElo "1691"]
[BlackElo "1896"]
[PlyCount "56"]
[EventDate "2021.11.20"]
[WhiteTeam "Barnet Knights C"]
[BlackTeam "Cambridge University 2"]

1. e4 e6 2. d4 d5 3. exd5 exd5 4. Bd3 Nc6 5. c3 Bd6 6. Nf3 Bg4 7. O-O Nge7 8.
Bg5 h6 9. Bh4 Qd7 10. Nbd2 Nf5 11. Re1+ Nce7 12. h3 Nxh4 13. hxg4 Qxg4 14. Nxh4
Qxh4 15. Nf3 Qf6 16. Qb3 O-O-O 17. a4 h5 18. a5 h4 19. Qc2 h3 20. Ne5 hxg2 21.
Kxg2 Qg5+ 22. Kf1 Rh1+ 23. Ke2 Rxe1+ 24. Rxe1 Bxe5 25. dxe5 Qxe5+ 26. Kd2 Qg5+
27. Kd1 d4 28. f4 Qg4+ 0-1

[Event "4NCL Division 3 South"]
[Site "Milton Keynes, ENG"]
[Date "2021.11.20"]
[Round "1.83"]
[White "Walkusz, Miroslaw"]
[Black "Angelopoulos, Andreas"]
[Result "1-0"]
[WhiteElo "1939"]
[BlackElo "1540"]
[PlyCount "61"]
[EventDate "2021.11.20"]
[WhiteTeam "Cambridge University 2"]
[BlackTeam "Barnet Knights C"]

1. d4 Nf6 2. c4 e6 3. Nc3 Bb4 4. e3 O-O 5. Bd3 d5 6. Qc2 Nbd7 7. Nf3 b6 8. O-O
Bb7 9. cxd5 exd5 10. a3 Bd6 11. Nb5 Qe7 12. Nxd6 Qxd6 13. b4 Ne4 14. Nd2 Ndf6
15. f3 Ng5 16. Re1 Rfe8 17. Nf1 Ne6 18. Bb2 Rac8 19. Qf2 Nf8 20. Bf5 N8d7 21.
Rac1 g6 22. Bh3 c5 23. dxc5 bxc5 24. Bxf6 Nxf6 25. Bxc8 Rxc8 26. bxc5 Rxc5 27.
Rxc5 Qxc5 28. Qb2 Ba6 29. Qxf6 Bxf1 30. Kxf1 Qc4+ 31. Kg1 1-0

[Event "4NCL Division 3 South"]
[Site "Milton Keynes, ENG"]
[Date "2021.11.20"]
[Round "1.84"]
[White "Page, Thomas"]
[Black "Manmay Chopra"]
[Result "0-1"]
[WhiteElo "1500"]
[BlackElo "1899"]
[PlyCount "68"]
[EventDate "2021.11.20"]
[WhiteTeam "Barnet Knights C"]
[BlackTeam "Cambridge University 2"]

1. e4 c5 2. c3 d5 3. e5 Nc6 4. d4 Bf5 5. Nf3 e6 6. Bd3 Nge7 7. Bg5 Qb6 8. b3
Bxd3 9. Qxd3 cxd4 10. cxd4 Nf5 11. Be3 Nb4 12. Qd2 Rc8 13. Nc3 Nc2+ 14. Qxc2
Rxc3 15. Qd2 Bb4 16. O-O O-O 17. Ne1 Rfc8 18. g4 Nxd4 19. Qd1 Bc5 20. Qd2 Nb5
21. Nd3 Bxe3 22. fxe3 Rc2 23. Qe1 Nc3 24. Kh1 Ne4 25. Nf4 Qc7 26. Qh4 Qxe5 27.
Rad1 Ng5 28. Qg3 Ne4 29. Qf3 g5 30. Ng2 R8c7 31. Qh3 Nf2+ 32. Rxf2 Rxf2 33. Ne1
Rc3 34. Nd3 Rxd3 0-1

[Event "4NCL Division 3 South"]
[Site "Milton Keynes, ENG"]
[Date "2021.11.20"]
[Round "1.85"]
[White "OShea, Colm"]
[Black "Farahi-Far, Mohammad"]
[Result "1/2-1/2"]
[WhiteElo "1859"]
[BlackElo "1540"]
[PlyCount "201"]
[EventDate "2021.11.20"]
[WhiteTeam "Cambridge University 2"]
[BlackTeam "Barnet Knights C"]

1. e4 c5 2. Nc3 Nc6 3. Bb5 g6 4. Bxc6 bxc6 5. f4 Bg7 6. d3 d6 7. Nf3 Nf6 8. O-O
O-O 9. Qe1 Nd7 10. f5 Ne5 11. Qh4 e6 12. Bg5 f6 13. Bh6 exf5 14. Bxg7 Kxg7 15.
b3 fxe4 16. Nxe5 fxe5 17. Qxe4 Bb7 18. Qg4 Bc8 19. Qe2 Be6 20. Rxf8 Qxf8 21. g4
Qf4 22. Ne4 Bxg4 23. Qf2 Qxf2+ 24. Kxf2 Rd8 25. Ke3 Bf5 26. Nd2 Kf7 27. Rf1 Ke6
28. Nf3 h6 29. h4 Rd7 30. Nd2 d5 31. Rf2 Rb7 32. a3 a5 33. Rf1 Rf7 34. Rg1 d4+
35. Ke2 Kd5 36. a4 Re7 37. Ne4 Re6 38. Kf3 Bxe4+ 39. dxe4+ Kd6 40. Ke2 c4 41.
Rf1 cxb3 42. cxb3 Kc5 43. Kd3 Kb4 44. Kc2 c5 45. Rf8 d3+ 46. Kb2 Rb6 47. Rd8 c4
48. bxc4 Kxc4+ 49. Kc1 Rb4 50. Kd2 Rb2+ 51. Kc1 Re2 52. Rd5 Rxe4 53. Rxa5 Kb3
54. Kd2 Rxh4 55. Kxd3 Rxa4 56. Rxe5 Ra6 57. Rb5+ Ka4 58. Rb8 Ka5 59. Rh8 g5 60.
Ke4 Kb5 61. Kf5 Kc5 62. Rh7 Kd5 63. Rd7+ Rd6 64. Rh7 Kd4 65. Re7 Rd5+ 66. Kg4
Re5 67. Rh7 Re4+ 68. Kf3 Rh4 69. Ra7 Ke5 70. Ra5+ Kf6 71. Ra6+ Kg7 72. Kg3 Rf4
73. Rb6 Rf6 74. Rb8 Kg6 75. Rg8+ Kf5 76. Rh8 Kg6 77. Rg8+ Kh5 78. Ra8 Rf4 79.
Ra1 Rb4 80. Rh1+ Kg6 81. Ra1 Rb6 82. Ra8 h5 83. Rg8+ Kf5 84. Rf8+ Rf6 85. Ra8
h4+ 86. Kh3 Re6 87. Rf8+ Ke4 88. Kg4 Re5 89. Ra8 Ke3 90. Ra3+ Kf2 91. Ra2+ Re2
92. Ra5 Re4+ 93. Kh3 g4+ 94. Kxh4 g3+ 95. Kh3 Re3 96. Ra2+ Kf3 97. Rg2 Kf4 98.
Ra2 Re1 99. Ra4+ Kf3 100. Ra3+ Kf4 101. Ra4+ 1/2-1/2

[Event "4NCL Division 3 South"]
[Site "Milton Keynes, ENG"]
[Date "2021.11.20"]
[Round "1.86"]
[White "Scheffel, Charlie"]
[Black "Lim, Mark"]
[Result "0-1"]
[WhiteElo "1500"]
[BlackElo "1808"]
[PlyCount "92"]
[EventDate "2021.11.20"]
[WhiteTeam "Barnet Knights C"]
[BlackTeam "Cambridge University 2"]

1. e4 e6 2. Nf3 d5 3. exd5 exd5 4. d4 Bd6 5. Nc3 c6 6. Bd3 Ne7 7. Be3 Bg4 8.
Qd2 Nd7 9. h3 Bh5 10. g4 Bg6 11. O-O-O Qc7 12. h4 O-O-O 13. h5 Bxd3 14. Qxd3 h6
15. Nd2 Rde8 16. Nb3 Kb8 17. Rdf1 Nf6 18. f3 Nc8 19. a3 Rxe3 20. Qd1 Rhe8 21.
Rf2 Nb6 22. Re2 Nc4 23. Rf1 Bf4 24. Kb1 Rxe2 25. Nxe2 Ne3 26. Qe1 Nxf1 27. Qxf1
Bd6 28. Nc3 Qe7 29. Nc1 Qe1 30. Qd3 Bf4 31. Ka2 Bxc1 32. Na4 Qe2 33. Qc3 Qc4+
34. Qxc4 dxc4 35. d5 Nxd5 36. b3 cxb3+ 37. cxb3 Be3 38. b4 Bd4 39. Nc5 Re2+ 40.
Kb3 b5 41. a4 Bxc5 42. bxc5 Re3+ 43. Ka2 bxa4 44. g5 Rb3 45. gxh6 Nc3+ 46. Ka1
Rb1# 0-1

[Event "4NCL Division 3 South"]
[Site "Milton Keynes, ENG"]
[Date "2021.11.20"]
[Round "1.91"]
[White "Balloglu, Piro"]
[Black "Pickard, Charles"]
[Result "1/2-1/2"]
[WhiteElo "2080"]
[BlackElo "2130"]
[PlyCount "56"]
[EventDate "2021.11.20"]
[WhiteTeam "Hackney Returns"]
[BlackTeam "Poisoned Pawns"]

1. e4 c5 2. Nf3 e6 3. d4 cxd4 4. Nxd4 a6 5. Nc3 b5 6. Bd3 Bb7 7. a3 d6 8. O-O
Nf6 9. Re1 Nc6 10. Nxc6 Bxc6 11. Bg5 Be7 12. Qe2 Rc8 13. a4 Nxe4 14. Nxe4 Bxg5
15. axb5 Bxe4 16. Qxe4 a5 17. f4 Qb6+ 18. Kh1 d5 19. Qa4 Bd8 20. f5 O-O 21.
fxe6 fxe6 22. Qg4 Rf6 23. Re5 Qd6 24. Rxe6 Qxe6 25. Qxe6+ Rxe6 26. Bf5 Re2 27.
Bxc8 Rxc2 28. Be6+ Kf8 1/2-1/2

[Event "4NCL Division 3 South"]
[Site "Milton Keynes, ENG"]
[Date "2021.11.20"]
[Round "1.92"]
[White "Rosen, Daniel B"]
[Black "Robinson, Adam"]
[Result "1-0"]
[WhiteElo "1983"]
[BlackElo "1993"]
[PlyCount "93"]
[EventDate "2021.11.20"]
[WhiteTeam "Poisoned Pawns"]
[BlackTeam "Hackney Returns"]

1. e4 c5 2. Nc3 Nc6 3. f4 g6 4. Nf3 Bg7 5. Bc4 d6 6. O-O Nf6 7. d3 Bd7 8. e5
Ng4 9. Bxf7+ Kxf7 10. e6+ Kg8 11. exd7 Qxd7 12. h3 Nf6 13. Qe2 Nh5 14. Kh2 Nd4
15. Nxd4 Bxd4 16. Be3 Bg7 17. Rae1 Nf6 18. Bf2 Kf7 19. Bh4 Rhe8 20. f5 d5 21.
Qe6+ Qxe6 22. fxe6+ Kg8 23. Bxf6 Bxf6 24. Nxd5 Bxb2 25. Rf7 Rad8 26. Rxe7 Rxe7
27. Nxe7+ Kg7 28. c4 Bc3 29. Re3 Bd4 30. Re4 Bf6 31. Nd5 Re8 32. Kg3 Be7 33.
Kf3 Bd6 34. g4 Rf8+ 35. Ke2 Re8 36. g5 b6 37. Kf3 Rf8+ 38. Kg2 Re8 39. h4 Bb8
40. Re2 Bd6 41. Kh3 Bb8 42. Kg4 Bd6 43. h5 gxh5+ 44. Kxh5 Bb8 45. e7 Bd6 46.
Re6 Bxe7 47. Rxe7+ 1-0